Pays avec la lettre Q - Statistiques

Statistiques générales
  • Ce quiz a été pris 506 fois
    477 depuis la dernière actualisation
  • Le résultat moyen est 10 sur 16
Statistiques - réponses
Réponses % Correct
Qatar
97%
République démocratique du Congo
69%
Mozambique
66%
République du Congo
66%
Afrique du Sud
65%
République Dominicaine
65%
République tchèque
65%
Equateur
63%
Mexique
63%
République Centrafricaine
61%
Turquie
60%
Dominique
57%
Slovaquie
56%
Belgique
54%
Jamaïque
53%
Guinée-équatoriale
50%
Aucun quiz correspondant
Distribution des résultats
% des personnes avec chaque résultat
Percentile par nombre de réponses
Votre historique - résultats
Vous n’avez pas pris ce quiz depuis la dernière actualisation